000 00794 a2200205 4500
010 _aENG-89360
020 _a9788175346598
_c425.00
035 _aEN-72893
037 _bDBAD / PUB
082 1 4 _a344.54096
090 _c10809
_d10809
100 1 _aTahir Mahmood
245 1 _aLaw of India on religion religious affairs/
_bby Tahir Mahmood ; foreworded by V. R. Krishna Iyer
260 _aDelhi
_bUniversal Law Publishing
_c2008
270 _aC-ff-1A,Dilkhush Industrial Estate,(opp,Hans Cinema,Azadpur)G. T. Karnal Road
_bDelhi
_e110033
_l011-27458529
_mwww.unilawbooks.com
300 _axxxi,324 p.
_c24 cm ( Hb.)
500 _aIncludes index
942 _adpl
_cEN
_k344.54096 / TAH
999 _c10510
_d10510